Statistics for Five Biggest Cities by Continent by Letter - Y

Click here to take the quiz!

General Stats

  • This quiz has been taken 245 times
  • The average score is 7 of 27

Answer Stats

PopulationCountryCity% Correct
1,818,000CameroonYaoundé
90%
4,729,000MyanmarYangon
86%
1,456,000RussiaYekaterinburg
75%
3,725,000JapanYokohama
74%
161,000UKYork
62%
213,000Côte d'IvoireYamoussoukro
57%
67,000USA{Yuba} City
37%
95,000USAYu{ma}
32%
201,000USAYonkers
29%
79,000UkraineYa{lta}
28%
70,000South SudanYe{i}
28%
68,000USA{Yorba} Linda
28%
608,000RussiaYaroslavl
25%
1,798,000ChinaYantai
23%
94,000USAYa{kima}
14%
1,159,000ChinaYinchuan
10%
20,500Guam (US)Yi{go}
5%
393,000NigeriaYola
5%
1,136,000ChinaYancheng
4%
105,000South SudanYambio
3%
15,000AustraliaYe{ppoon}
3%
131,000ColombiaYopal
3%
267,000RussiaYoshkar-Ola
3%
62,000BoliviaYa{cuíba}
2%
82,000VenezuelaYa{ritagua}
2%
108,000ColombiaYumbo
2%
63,000PeruYu{rimaguas}
2%

Score Distribution

Percentile by Number Answered

Percent of People with Each Score

Your Score History

You have not taken this quiz